000
00226nam a22000857a 4500
008
161101b xxu||||| |||| 00| 0 eng d
100
_9
1002
_a
Wason.V.
245
_a
Double Entry Book
260
_a
New Delhi
_b
S. Chand Publications
_c
2011
999
_c
3662
_d
3662